Sustaining biodiversity and ecosystem services in soils and sediments / (Registro nro. 5368)
[ vista simple ]
| 000 -CABECERA | |
|---|---|
| Campo de control | 01238cam a2200289 a 4500 |
| 005 - FECHA Y HORA DE LA ULTIMA TRANSACCION | |
| Campo de control | 20200104041558.0 |
| 008 - ELEMENTOS DE LONGITUD FIJA—INFORMACION GENERAL | |
| Campo de control | 040406s2004 dcua b 001 0 eng |
| 020 ## - ISBN | |
| ISBN | 1559637595 (cloth : alk. paper) |
| 020 ## - ISBN | |
| ISBN | 1559637609 (pbk. : alk. paper) |
| 040 ## - FUENTE DE CATALOGACIÓN | |
| Agencia catalogadora original | DLC |
| Agencia transcriptora | DLC |
| Agencia Modificadora | CO-BoIAVH |
| 041 04 - IDIOMA | |
| Código de idioma para texto/pista de sonido o título separado | Inglés |
| 082 00 - NUMERO DE CLASIFICACION DECIMAL DEWEY | |
| Número de clasificación | 577.57 |
| Número del ítem | S96s |
| 245 00 - MENCION DE TITULO | |
| Título | Sustaining biodiversity and ecosystem services in soils and sediments / |
| Mención de responsabilidad | edited by Diana H. Wall ; [foreword by Harold A. Mooney]. |
| 260 ## - PUBLICACION, DISTRIBUCION, ETC. (PIE DE IMPRENTA) | |
| Lugar de publicación, distribución, etc. | Washington : |
| Nombre del editor, distribuidor, etc. | Island Press, |
| Fecha de publicación, distribución, etc. | c2004. |
| 300 ## - DESCRIPCION FISICA | |
| Extensión | xix, 275 paginas. : |
| Otros detalles físicos | ill. ; |
| Dimensiones | 24 cm. |
| 490 1# - MENCION DE SERIE | |
| Mención de serie | SCOPE ; |
| Designación numérica/secuencial del volumen | 64 |
| 500 ## - NOTA GENERAL | |
| Nota general | "A project of SCOPE, the Scientific Committee on Problems of the Environment, of the International Council for Science." |
| 504 ## - NOTA DE BIBLIOGRAFIA, ETC. | |
| Nota de bibliografía | Includes bibliographical references and index. |
| 650 #0 - ASIENTO SECUNDARIO DE MATERIA - TERMINO TEMATICO | |
| Término temático o nombre geográfico como elemento de entrada | Soil ecology |
| Subdivisión general | Economic aspects. |
| 650 #0 - ASIENTO SECUNDARIO DE MATERIA - TERMINO TEMATICO | |
| Término temático o nombre geográfico como elemento de entrada | Biodiversity |
| Subdivisión general | Economic aspects. |
| 650 #0 - ASIENTO SECUNDARIO DE MATERIA - TERMINO TEMATICO | |
| Término temático o nombre geográfico como elemento de entrada | Ecosystem management. |
| 700 1# - ASIENTO SECUNDARIO - NOMBRE PERSONAL | |
| Nombre personal | Wall, Diana H. |
| 830 #0 - ASIENTO SECUNDARIO DE SERIE--TITULO UNIFORME | |
| Volume number/sequential designation | 64. |
| 856 41 - LOCALIZACION Y ACCESO ELECTRONICOS | |
| Especificación de los materiales | Table of contents only |
| Identificador Uniforme del Recurso | http://www.loc.gov/catdir/toc/ecip0417/2004008096.html |
| 856 42 - LOCALIZACION Y ACCESO ELECTRONICOS | |
| Especificación de los materiales | Publisher description |
| Identificador Uniforme del Recurso | http://www.loc.gov/catdir/enhancements/fy0631/2004008096-d.html |
| 942 ## - ELEMENTOS ADICIONALES (KOHA) | |
| Sistema de clasificación | Dewey Decimal Classification |
| Tipo de ítem | Libro |
| Withdrawn status | Lost status | Sistema de Clasificación | Damaged status | No para préstamo | Colección | Inventariado | Ubicación Permanente | Ubicación actual | Fecha de adquisición | Fuente de Valor | Valor | Total Checkouts | Número topográfico | Inventario / Código de Barras | Date last seen | Ejemplar | Price effective from | Tipo de material |
|---|---|---|---|---|---|---|---|---|---|---|---|---|---|---|---|---|---|---|
| Dewey Decimal Classification | General | Inventariado 2017 | Bogotá | Bogotá | 18/10/2006 | Instituto | 39000.00 | LB-577.57 S96s | 023459 | 04/12/2012 | Ej.1 | 04/12/2012 | Libro |